000 00463cam a22001934a 4500
005 20250605164245.0
008 250528s ||||||||||||||||||||||||d
035 _a21475
040 _aGR-AtMCL
_bgre
_dGR-AtMCL
_eAACR2
245 1 _aMANAGING INFORMATION
250 _a1
260 _c2000
700 1 _aGardner John
_95526
700 1 _aRamsden John
_95527
942 _cBK
710 2 _aThe University Of York
_99771
999 _c6537
_d6537